Norma chilena de transporte
Saved in:
| Institution som forfatter: | |
|---|---|
| Format: | Bog |
| Sprog: | spansk |
| Udgivet: |
Santiago
INN
1980
|
| Fag: | |
| Tags: |
Tilføj Tag
Ingen Tags, Vær først til at tagge denne postø!
|
MARC
| LEADER | 00000nam a2200000 a 4500 | ||
|---|---|---|---|
| 001 | UCV4652 | ||
| 003 | CL-VaPUC | ||
| 008 | 910326e19800000CL |||||||||||||||||spa|d | ||
| 082 | 0 | 4 | |a 629.22 |b INS |2 21 |
| 110 | 2 | |a Instituto Nacional de Normalización |e author |9 298842 | |
| 245 | 1 | 0 | |a Norma chilena de transporte |
| 246 | 1 | 0 | |a NCh 1777 Of 80: Vehículos de carretera - conexiones mecánicas entre vehículo tractor y remolques - intercambiabilidad |
| 300 | |a 5 p | ||
| 942 | |c BK | ||
| 945 | |d 19910326 00:00:00 | ||
| 260 | |a Santiago |b INN |c 1980 | ||
| 650 | 0 | |a Vehículos de motor |9 428686 | |
| 650 | 7 | |a TRANSPORTE TERRESTRE |2 CL-VaPUC |9 298844 | |
| 650 | 7 | |a NORMAS |2 CL-VaPUC |9 259606 | |
| 583 | |a last modification |c 19910326 00:00:00 |k Rodrigo Vera | ||
| 999 | |c 211372 |d 211370 | ||
| 952 | |0 0 |1 0 |4 0 |6 629_220000000000000_INS_1980 |7 0 |8 X |9 190477 |a BIBING |b BIBING |d 2019-11-14 |i 2582643 |o 629.22 INS 1980 |p 2582643 |r 2025-01-20 |w 2019-11-14 |y BK_X |k TRA | ||